000 00517nam a2200181Ia 4500
008 100917s9999 xx 000 0 und d
082 _b13659
100 _aपाठक बा. ल.
245 _aपंचमुखी हनुमान कवच
260 _b---
300 _a12
365 _b0
520 _aकविता
630 _aपंचमुखी हनुमान कवच
650 _aकविता
730 _aपंचमुखी हनुमान कवच
942 _cBOOK
999 _c619053
_d619050